Logo firm zaczynających się na B - Statystyki

Ogólne statystyki
  • Ten quiz został rozwiązany 2 425 razy
  • Średni wynik to 9 z 20
Statystyki odpowiedzi
Obrazkowy Odpowiedź % Poprawnych
BMW
97%
Burger King
95%
Barbie
92%
BP
89%
Bentley
83%
BBC
79%
Bic
69%
Bayer
58%
Beats by Dre
38%
Bridgestone
30%
Bacardi
29%
Barclays
17%
Best Buy
13%
Blockbuster
12%
Burberry
11%
Bass Pro Shops
10%
Ben & Jerry's
9%
Boeing
9%
Baskin-Robbins
6%
Big Boy
6%
Nie znaleziono quizów pasujących do podanych kryteriów
Rozkład punktacji
Procent ludzi z każdym wynikiem
Percentyl według liczby udzielonych odpowiedzi
Twoja historia wyników
Nie rozwiązałeś tego quizu